Obálka Náhled e-knihy:
Epub
Pro půjčování e-knih musíte být přihlášeni.
Jak si půjčit online?

Speak No Evil /

Every student in the Gifted class harbours a secret, but none is as enigmatic as Carter Street. No one knows his real name, or why he's even there – he never speaks, offering only a blank stare. He never speaks, but the other students suspect that, like them, something is going on behind Carter...

Celý popis

Uloženo v:
Série:Gifted, část 6
Hlavní autor: Kaye, Marilyn (Autor)
Médium: E-kniha
Jazyk:Czech
Vydáno: Praha : Saga Egmont, 2026
Příbuzné jednotky:Z cyklu:: Gifted
Tagy:
Žádné tagy
LEADER 01952nam a22002417i 4500
001 313637
007 ta
008 260605s2026 xr ||||| |||| 00| 0 cze d
020 |a 9990004261686 
044 |a xr 
100 1 |a  Kaye, Marilyn  |4 aut 
245 1 0 |a Speak No Evil /  |c  Kaye, Marilyn 
264 1 |a Praha :  |b Saga Egmont,  |c 2026 
300 |a 1 online zdroj (208 stran) 
336 |a text  |b txt  |2 rdacontent 
337 |a bez média  |b n  |2 rdamedia 
338 |a online zdroj  |b cr  |2 rdacarrier 
520 2 |a Every student in the Gifted class harbours a secret, but none is as enigmatic as Carter Street. No one knows his real name, or why he's even there – he never speaks, offering only a blank stare. He never speaks, but the other students suspect that, like them, something is going on behind Carter's blank stare. What they don't realise is that Carter's mystery is far more dangerous than anything they could imagine... Perfect for young readers who enjoy a mix of school drama and paranormal adventure, this light-hearted action-adventure series was adapted into a hit CBBC television drama in 2025. Gifted Meadowbrook Middle School is an ordinary school with ordinary students-except for the Nine. These students look like the others, but they're not. You could call it a skill, a talent or a disadvantage, but each of these students is unique—they're gifted. Marilyn Kaye is an acclaimed author of young adult and middle-grade fiction, best known for her “Replica,” “Gifted,” and “Out of This World” series. 
787 0 8 |g 6  |i Z cyklu:  |t Gifted 
910 |a RBIT002 
998 |d 426168  |a https://core.palmknihy.cz/api/books/426168/cover?td9z3z  |b https://core.palmknihy.cz/api/books/426168/cover/400?td9z3z  |c https://core.palmknihy.cz/api/books/426168/cover/50?td9z3z  |e   |g 208  |i 9990004261686  |j https://core.palmknihy.cz/api/books/426168/preview.epub  |l   |q 49  |r 1  |s https://www.palmknihy.cz/kniha/426168  |t ebook  |y 2026  |z 1  |v Gifted  |w 6 
999 |d 313635